00594nam a22001217a 4500008004100000050002000041100002200061245017600083260009500259300002600354500002600380710006600406170207b xxu||||| |||| 00| 0 eng d aND212 .P34 1989 aSternberg,Paul E. aPaintings by American women : bselections from the collection of Louise and Alan Sellars /cPaul E Sternberg; Louise and Alan Sellars Collection of Art by American Women. a[Marietta, Ga.] : bLouise and Alan Sellars Collection of Art by American Women, c©1989. a56p. :bill. ;c25cm. aincludes bibliography a Louise and Alan Sellars Collection of Art by American Women.